000 00779cam a22002771 4500
001 31977
003 BD-RjUL
005 20211209051756.0
008 140423s1956 enk b 001 0 eng
035 _a(BD-RjUL)32066
040 _aDLC
_cDLC
_dDLC
_dBD-RjUL
_beng
041 _aeng
082 0 0 _a301.152
_bSTT 1956
100 1 _aSteiner, Franz Baermann.
_d1909-1952.
_997354
245 0 0 _aTaboo.
_cWith a pref. by E. E. Evans-Pritchard.
260 _aLondon :
_bCohen & west,
_c1956.
300 _a154 p. ;
_c18 cm.
490 0 _aPelican anthropology library
490 0 _aPelican books, A912.
504 _aBibliography: p. [149]-152.
504 _aIncludes Index.
650 0 _aTaboo.
_920227
942 _2ddc
_cBK
999 _c31977
_d31977